000 00757nam a2200253 i 4500
001 bg
100 1 _aKOŁSUT, Sławomira
245 1 0 _aPolitik und Recht auf Deutsch /
_cSławomira Kołsut.
250 _a[Wyd.1, dodr.].
260 _aWarszawa :
_b"Poltext",
_c2002.
300 _a263 s. :
_bil. ;
_c24 cm.
650 9 _aJęzyk niemiecki
650 9 _aPolityka
_xsłownictwo
650 9 _aPrawo
_xsłownictwo
655 _aPodręczniki akademickie
020 _a8386890789
040 _cBPK
041 0 _agerpol
080 _a811.112.2(075.8):32+34
920 _a83-86890-78-9
942 _cKS
008 s pl f |000 0 pol
999 _c44669
_d44669
856 _uhttp://koha.tu.koszalin.pl/cgi-bin/koha/opac-detail.pl?biblionumber=44669
_yKatalog online BPK